书目信息 |
| 题名: |
获得成就的思维, 取得成功的习惯
|
|
| 作者: | 任春 编著 | |
| 分册: | ||
| 出版信息: | 长春 吉林文史出版社 2017 |
|
| 页数: | 226页 | |
| 开本: | 24cm | |
| 丛书名: | ||
| 单 册: | ||
| 中图分类: | B842.5 , B842.6 | |
| 科图分类: | ||
| 主题词: | 思维能力--si wei neng li--能力培养--通俗读物 , 习惯性--xi guan xing--能力培养--通俗读物 | |
| 电子资源: | ||
| ISBN: | 978-7-5472-4026-7 | |
| 000 | 00979nam0 2200265 450 | |
| 001 | 012001002640 | |
| 005 | 20131023172616.0 | |
| 010 | @a978-7-5472-4026-7@dCNY39.80 | |
| 099 | @aCAL 012017118898 | |
| 100 | @a20170720d2017 em y0chiy50 ea | |
| 101 | 0 | @achi |
| 102 | @aCN@b220000 | |
| 105 | @ay z 000yy | |
| 106 | @ar | |
| 200 | 1 | @a获得成就的思维, 取得成功的习惯@Ahuo de cheng jiu de si wei , qu de cheng gong de xi guan@f任春编著 |
| 210 | @a长春@c吉林文史出版社@d2017 | |
| 215 | @a226页@d24cm | |
| 330 | @a本书共分为获得成就的思维 ; 取得成功的习惯两部分, 其主要内容包括: 创新的思维 ; 与人协作 ; 满怀热情地工作 ; 专注于一件事 ; 正确看待自己 ; 敢拼搏的勇气 ; 善于思考 ; 培养做领导的信念等。 | |
| 606 | 0 | @a思维能力@Asi wei neng li@x能力培养@j通俗读物 |
| 606 | 0 | @a习惯性@Axi guan xing@x能力培养@j通俗读物 |
| 690 | @aB842.5@v5 | |
| 690 | @aB842.6@v5 | |
| 701 | 0 | @a任春@Aren chun@4编著 |
| 801 | 2 | @aCN@b江苏凤凰@c20191020 |
| 905 | @b1225211-4@dB842.5@e3217@f4 | |
| 获得成就的思维, 取得成功的习惯/任春编著.-长春:吉林文史出版社,2017 |
| 226页;24cm |
| ISBN 978-7-5472-4026-7:CNY39.80 |
| 本书共分为获得成就的思维 ; 取得成功的习惯两部分, 其主要内容包括: 创新的思维 ; 与人协作 ; 满怀热情地工作 ; 专注于一件事 ; 正确看待自己 ; 敢拼搏的勇气 ; 善于思考 ; 培养做领导的信念等。 |
| ● |
| 相关链接 |
|
|
|
|
正题名:获得成就的思维, 取得成功的习惯
索取号:B842.5/3217
 
预约/预借
| 序号 | 登录号 | 条形码 | 馆藏地/架位号 | 状态 | 备注 |
| 1 | 1225211 | 212252113 | 第一样本阅览室/ [索取号:B842.5/3217] | 在馆 | |
| 2 | 1225212 | 212252122 | 教育系资料室/ [索取号:B842.5/3217] | 在馆 | |
| 3 | 1225213 | 212252131 | 教育系资料室/ [索取号:B842.5/3217] | 在馆 | |
| 4 | 1225214 | 212252140 | 第一借阅区/ [索取号:B842.5/3217] | 在馆 |